01081cam a22003254a 450000100090000000300050000900500170001400800410003101000170007201500190008901600180010802000280012602000310015403500230018503500200020804000350022804200080026305000220027108200190029324500850031226000520039730000330044950000080048250400510049065000340054165000380057565000290061370000220064285600910066414347553NUST20171115101442.0060420s2007 flua b 001 0 eng  a 2006040585 aGBA6749912bnb7 a0135421182Uk a0849375746 (alk. paper) a9780849375743 (alk. paper) a(OCoLC)ocm68192564 a(OCoLC)68192564 aDLCcDLCdBAKERdUKMdC#PdDLC apcc00aTD1060b.H36 200700a628.42 WAN22200aHazardous industrial waste treatment /cEdited by Lawrence K. Wang ... [et al.]. aBoca Raton, FL :bCRC/Taylor & Francis,cc2007. aix, 516 p. :bill. ;c26 cm. aH.B aIncludes bibliographical references and index. 0aHazardous wastesxManagement. 0aHazardous waste site remediation. 0aFactory and trade waste.1 aWang, Lawrence K.423Publisher descriptionuhttp://www.loc.gov/catdir/enhancements/fy0654/2006040585-d.html